| 000 | 01762nam0a2200325 4500 | ||
|---|---|---|---|
| 001 | RU\NLR\bibl\48116 | ||
| 005 | 20260407044928.0 | ||
| 021 |
_aRU _b99-29310 _91428 |
||
| 035 | _a(NLR Aleph) 000046954 | ||
| 090 |
_a249357 _c249357 |
||
| 100 | _a19990920d1998 |||y0rusy50 ca | ||
| 101 | 0 | _arus | |
| 102 | _aRU | ||
| 105 | _ay ||||||||| | ||
| 200 | 1 |
_aСборник нормативных документов по промышленной безопасности производственных объектов и требованиям производственной санитарии _eУчеб. пособие _fУчеб. центр охраны труда Саран. дома науки и техники |
|
| 210 |
_aСаранск _cБ.и. _d1998 |
||
| 215 |
_a[59] с. _d20 |
||
| 606 | 0 |
_aПромышленные предприятия _jНормативные и руководящие материалы _xСанитарный надзор _91983604 _3RU\NLR\auth\66910085 |
|
| 606 | 0 |
_aПромышленные предприятия _jНормативные документы _xСанитарный надзор _91983604 _3RU\NLR\auth\66910085 |
|
| 606 | 0 |
_aТехника безопасности _jНормативные и руководящие материалы _9904098 _3RU\NLR\auth\669199 |
|
| 606 | 0 |
_aТехника безопасности _jНормативные документы _9904098 _3RU\NLR\auth\669199 |
|
| 686 | _aР124.1 | ||
| 686 | _aЖ.н6я8 | ||
| 712 | 0 | 2 |
_4570 _aУчебный центр охраны труда _cСаранск _9533244 _3RU\NLR\AUTH\8810017697 |
| 801 | 0 |
_aRU _bNLR _c19990920 _gPSBO |
|
| 801 | 1 |
_aRU _bNLR _c19990920 |
|
| 852 |
_aNLR _j99-4/6406 |
||
| 942 | _cBOOK | ||
| 980 | _aNB | ||